00371nam a22001217a 450000500170000002000220001703500230003903700130006210000200007524500770009526000550017230000220022720180806172153.0 a817391284Xc00.00 aA-992074, A-992076 aDPLbENG aBorgohain, Bani aHuman rights social justice and political challenge /cby Bani Borgohain aNew DelhibKanishka Publishers, Distributorsc1999 av, 287p.c20 cms.